<?xml version="1.0" encoding="UTF-8"?>
<record
    xmlns:xsi="http://www.w3.org/2001/XMLSchema-instance"
    xsi:schemaLocation="http://www.loc.gov/MARC21/slim http://www.loc.gov/standards/marcxml/schema/MARC21slim.xsd"
    xmlns="http://www.loc.gov/MARC21/slim">

  <leader>02656nam a22002777a 4500</leader>
  <controlfield tag="005">20260427114033.0</controlfield>
  <controlfield tag="007">cr |||aaa|||||</controlfield>
  <controlfield tag="008">260427s2012    mx| |||| |||| 000 0 spa d</controlfield>
  <datafield tag="040" ind1=" " ind2=" ">
    <subfield code="a">MX-MxUPN</subfield>
    <subfield code="b">spa</subfield>
    <subfield code="e">aacr2</subfield>
  </datafield>
  <datafield tag="041" ind1="0" ind2=" ">
    <subfield code="a">spa</subfield>
  </datafield>
  <datafield tag="050" ind1=" " ind2="4">
    <subfield code="a">LB2335 M6</subfield>
  </datafield>
  <datafield tag="245" ind1=" " ind2=" ">
    <subfield code="a">El trabajo y las pensiones de los acad&#xE9;micos en las universidades del siglo XXI </subfield>
    <subfield code="h">[recurso electr&#xF3;nico en l&#xED;nea]</subfield>
  </datafield>
  <datafield tag="250" ind1=" " ind2=" ">
    <subfield code="a"> Primera edici&#xF3;n</subfield>
  </datafield>
  <datafield tag="260" ind1=" " ind2=" ">
    <subfield code="a">[M&#xE9;xico, D.F.] : </subfield>
    <subfield code="b">Fontamara</subfield>
  </datafield>
  <datafield tag="260" ind1=" " ind2=" ">
    <subfield code="a">[Cuernavaca] : </subfield>
    <subfield code="b">Universidad Aut&#xF3;noma del Estado de Morelos, </subfield>
    <subfield code="c">[2012?]</subfield>
  </datafield>
  <datafield tag="300" ind1=" " ind2=" ">
    <subfield code="a">1 recurso en l&#xED;nea (256 p&#xE1;ginas) : </subfield>
    <subfield code="b">PDF</subfield>
  </datafield>
  <datafield tag="490" ind1="0" ind2=" ">
    <subfield code="a">[Colecci&#xF3;n Argumentos ; </subfield>
    <subfield code="v">154]</subfield>
  </datafield>
  <datafield tag="505" ind1="0" ind2=" ">
    <subfield code="t">Generalidades de los sistemas de pensiones /</subfield>
    <subfield code="r">Mar&#xED;a Ascensi&#xF3;n Morales Ram&#xED;rez. --</subfield>
    <subfield code="t">Pensiones y jubilaciones en los sistemas p&#xFA;blicos nacionales /</subfield>
    <subfield code="r">Carlos Contreras Cruz. --</subfield>
    <subfield code="t">La notoria inconstitucionalidad de las reformas hechas a las leyes federales de seguridad social en M&#xE9;xico /</subfield>
    <subfield code="r">&#xC1;ngel Guillermo Ruiz Moreno. --</subfield>
    <subfield code="t">Los est&#xED;mulos al desempe&#xF1;o docente no causan impuesto sobre la renta /</subfield>
    <subfield code="r">Juan Manuel Ortega Maldonado. --</subfield>
    <subfield code="t">Las pensiones y jubilaciones para los trabajadores acad&#xE9;micos de la Universidad Aut&#xF3;noma del Estado de Morelos /</subfield>
    <subfield code="r">Gabriel Mendiz&#xE1;bal Berm&#xFA;dez, Iv&#xE1;n Ruiz Soto. --</subfield>
    <subfield code="t">La jubilaci&#xF3;n laboral y las pensiones para el retiro en la Universidad Aut&#xF3;noma de Chiapas /</subfield>
    <subfield code="r">Julio Ismael Camacho Sol&#xED;s. --</subfield>
    <subfield code="t">Fideicomisos, una soluci&#xF3;n al problema de las pensiones en las universidades p&#xFA;blicas /</subfield>
    <subfield code="r">Jacinto Garc&#xED;a Flores. --</subfield>
    <subfield code="t">Las pensiones de los trabajadores acad&#xE9;micos de la Universidad Aut&#xF3;noma de Chihuahua /</subfield>
    <subfield code="r">Jes&#xFA;s Villalobos Ji&#xF3;n. --</subfield>
    <subfield code="t">La inconstitucionalidad del sistema pensionario de la Universidad de Guadalajara /</subfield>
    <subfield code="r">&#xC1;ngel Edoardo Ruiz Buenrostro. --</subfield>
    <subfield code="t">Retos y reformas de las pensiones por jubilaci&#xF3;n en la Universidad de Guanajuato /</subfield>
    <subfield code="r">M&#xF3;nica Col&#xED;n Salgado, Salvador Francisco Ruiz Medrano. --</subfield>
    <subfield code="t">Peculiaridades de seguridad social del personal docente investigador de las universidades espa&#xF1;olas /</subfield>
    <subfield code="r">Juan Pablo Maldonado Montoya. --</subfield>
    <subfield code="t">La inconstitucionaliad del sistema de sueldos y pensiones de profesores
y docentes en Alemania&#x2013;An&#xE1;lisis de la sentencia del Tribunal Constitucional Federal de 14 de febrero de 2012 /</subfield>
    <subfield code="r">Hans-Joachim Reinhard. </subfield>
  </datafield>
  <datafield tag="506" ind1="0" ind2=" ">
    <subfield code="a">Acceso abierto </subfield>
  </datafield>
  <datafield tag="650" ind1=" " ind2="4">
    <subfield code="a">Maestros universitarios </subfield>
    <subfield code="x">Salarios, pensiones, etc. </subfield>
    <subfield code="z">M&#xE9;xico </subfield>
    <subfield code="9">59383</subfield>
  </datafield>
  <datafield tag="650" ind1=" " ind2="4">
    <subfield code="a">Maestros universitarios </subfield>
    <subfield code="x">Salarios, pensiones, etc. </subfield>
    <subfield code="z">Europa </subfield>
    <subfield code="9">59384</subfield>
  </datafield>
  <datafield tag="700" ind1="1" ind2=" ">
    <subfield code="a">Mendiz&#xE1;bal Berm&#xFA;dez, Gabriela</subfield>
    <subfield code="9">59382</subfield>
    <subfield code="e">coordinaci&#xF3;n </subfield>
  </datafield>
  <datafield tag="856" ind1="4" ind2="0">
    <subfield code="u">http://riaa.uaem.mx/handle/20.500.12055/171</subfield>
  </datafield>
  <datafield tag="902" ind1=" " ind2=" ">
    <subfield code="a">V&#xED;ctorGod&#xED;nez/270426</subfield>
  </datafield>
  <datafield tag="942" ind1=" " ind2=" ">
    <subfield code="2">lcc</subfield>
    <subfield code="c">LIBRO-E</subfield>
  </datafield>
  <datafield tag="952" ind1=" " ind2=" ">
    <subfield code="0">0</subfield>
    <subfield code="1">0</subfield>
    <subfield code="2">lcc</subfield>
    <subfield code="4">0</subfield>
    <subfield code="7">0</subfield>
    <subfield code="8">CAA</subfield>
    <subfield code="a">BCUPN50</subfield>
    <subfield code="b">BCUPN50</subfield>
    <subfield code="c">ENL</subfield>
    <subfield code="d">2026-04-27</subfield>
    <subfield code="l">0</subfield>
    <subfield code="o">LB2335 M6</subfield>
    <subfield code="r">2026-04-27 11:21:23</subfield>
    <subfield code="u">http://riaa.uaem.mx/handle/20.500.12055/171</subfield>
    <subfield code="w">2026-04-27</subfield>
    <subfield code="y">LIBRO-E</subfield>
  </datafield>
  <datafield tag="999" ind1=" " ind2=" ">
    <subfield code="c">215001</subfield>
    <subfield code="d">215001</subfield>
  </datafield>
</record>
